|
|
|
|
| LEADER |
00000nam0a2200000 4500 |
| 001 |
43101 |
| 005 |
20231101210808.0 |
| 010 |
|
|
|a 5722104027
|
| 035 |
|
|
|a (RuTPU)RU\TPU\book\44498
|
| 090 |
|
|
|a 43101
|
| 100 |
|
|
|a 20020925d2001 km y0rusy50 ca
|
| 101 |
0 |
|
|a rus
|
| 102 |
|
|
|a RU
|
| 105 |
|
|
|a y e 000zy
|
| 200 |
1 |
|
|a Почему погибнет Америка: Тайное мировое правительство. Словарь мировой закулисы
|f О. А. Платонов
|
| 210 |
|
|
|a Краснодар
|c Советская Кубань
|d 2001
|
| 215 |
|
|
|a 368 с.
|
| 606 |
1 |
|
|a Америка
|x Внутренняя политика
|2 stltpush
|3 (RuTPU)RU\TPU\subj\28882
|9 52345
|
| 610 |
1 |
|
|a политика
|
| 610 |
1 |
|
|a история
|
| 610 |
1 |
|
|a Америка
|
| 610 |
1 |
|
|a США
|
| 610 |
1 |
|
|a мировое правительство
|
| 610 |
1 |
|
|a масонство
|
| 610 |
1 |
|
|a масоны
|
| 686 |
|
|
|a Ф3(7США)
|v LBC/SL-A
|2 rubbk
|
| 686 |
|
|
|a Э425
|v LBC/SL-A
|2 rubbk
|
| 700 |
|
1 |
|a Платонов
|b О. А.
|g Олег Анатольевич
|
| 801 |
|
1 |
|a RU
|b 63413507
|c 20020925
|g PSBO
|
| 801 |
|
2 |
|a RU
|b 63413507
|c 20140110
|g PSBO
|
| 942 |
|
|
|c BK
|